[Event "Dilijan FIDE GP (Women)"]
[Site "Dilijan"]
[Date "2013.06.28"]
[Round "11"]
[White "Kosintseva, Tatiana"]
[Black "Cmilyte, Viktorija"]
[Result "1-0"]
[WhiteElo "2526"]
[BlackElo "2511"]
[Annotator "CB"]
[PlyCount "101"]
[EventDate "2013.06.16"]
[EventType "tourn"]
[EventRounds "11"]
[EventCountry "ARM"]
[EventCategory "11"]
[SourceTitle "CBM 155"]
[Source "ChessBase"]
[SourceDate "2013.07.16"]
[SourceVersion "1"]
[SourceVersionDate "2013.07.16"]
[SourceQuality "1"]

1. e4 c5 2. Nf3 Nc6 3. d4 cxd4 4. Nxd4 Nf6 5. Nc3 e5 6. Ndb5 d6 7. Bg5 a6 8.
Na3 b5 9. Nd5 Be7 10. Bxf6 Bxf6 11. c4 b4 12. Nc2 O-O 13. g3 Bg5 14. h4 Bh6 15.
Bh3 Be6 16. Kf1 Qa5 17. Kg2 Qc5 18. b3 Ra7 19. Qd3 a5 20. Rad1 Rd7 $146 {
Cmilyte tried to improve on a 2010 Andriasian-Timofeev game, but few moves
later gave up the control over the a-file.} (20... a4 21. g4 f6 22. a3 Bxd5 23.
exd5 axb3 24. axb4 Nxb4 25. Nxb4 Qxb4 26. g5 fxg5 27. Be6+ Kh8 28. hxg5 Ra2 29.
Rdf1 Qb6 30. gxh6 Raxf2+ 31. Kh3 g6 32. c5 Qxc5 33. Qxb3 Qd4 34. Bg4 R2f4 35.
Rhg1 g5 36. Qa3 Qxd5 37. Rxf4 gxf4 38. Rd1 Qc6 39. Qxd6 Qxd6 40. Rxd6 f3 41.
Kg3 f2 42. Be2 e4 43. Rd7 e3 44. Bc4 Rg8+ 45. Kf3 f1=Q+ 46. Bxf1 Rg6 47. Rd8+
Rg8 48. Rd4 Rg6 49. Rh4 Rf6+ 50. Ke2 {Andriasian,Z (2585)-Timofeev,A (2681)
Belgorod 2010 1-0}) 21. Qf3 a4 22. Bf5 axb3 23. axb3 Ra7 24. g4 Bxf5 25. exf5
f6 26. Qe4 Ra2 27. Ra1 Rxa1 28. Rxa1 Bd2 29. Ra6 Na5 30. Qd3 Bc3 31. Nxc3 bxc3
32. Qxc3 {Cmilyte sacrificed a pawn to trade her useless bishop for the
d5-knight, but didn't get enough compensation. All of Kosintseva's pieces were
very dominant and on move 51 she scored her fifth victory of the tournament.}
Nb7 33. Ne3 Qd4 34. Qxd4 exd4 35. Nd5 Nc5 36. Rxd6 Nxb3 37. Ne7+ Kf7 38. Nc6 h5
39. Rd7+ Kg8 40. Nxd4 Nxd4 41. Rxd4 hxg4 42. c5 Rc8 43. Rc4 Kf7 44. Kg3 Ke7 45.
Kxg4 Ra8 46. c6 Kd8 47. Kh5 Ra1 48. Rg4 Kc7 49. Kg6 Rf1 50. Kxg7 Rxf2 51. Kxf6
1-0

[Event "Hoogeveen Unive m1"]
[Site "Hoogeveen"]
[Date "2014.10.18"]
[Round "6"]
[White "Giri, Anish"]
[Black "Shirov, Alexei"]
[Result "1-0"]
[WhiteElo "2768"]
[BlackElo "2691"]
[Annotator "CB"]
[PlyCount "91"]
[EventDate "2014.10.12"]
[EventType "match"]
[EventRounds "6"]
[EventCountry "NED"]
[SourceTitle "CBM 163"]
[Source "ChessBase"]
[SourceDate "2014.11.11"]
[SourceVersion "1"]
[SourceVersionDate "2014.11.11"]
[SourceQuality "1"]

1. e4 c5 2. Nf3 Nc6 3. d4 ({Viele spielen heute lieber} 3. Bb5 {weil die
Sveshnikov-Variante viel Theorie erfordert und außerdem Weiß kaum Vorteil
nachweisen kann.}) 3... cxd4 4. Nxd4 Nf6 5. Nc3 e5 6. Ndb5 d6 7. Bg5 a6 8. Na3
b5 9. Nd5 ({Der andere große Variantenkpmplex entsteht nach} 9. Bxf6 gxf6 10.
Nd5) 9... Be7 10. Bxf6 Bxf6 11. c3 Bg5 12. Nc2 O-O ({Oder:} 12... Rb8 13. a4
bxa4 14. Ncb4 Nxb4 15. cxb4 (15. Nxb4 Bd7 16. Bxa6 Qa5 17. Qxd6 Rb6 18. Qd3 Be7
19. Nd5 Rxb2 20. O-O Qc5 $11 {1/2-1/2 (41) Karjakin,S (2732)-Radjabov,T (2751)
Baku 2008}) 15... O-O 16. Rxa4 a5 17. b5 Bd7 18. Nc3 d5 19. Nxd5 Be7 20. Qb3
Bb4+ 21. Nxb4 axb4 22. Bc4 Bxb5 23. Bxb5 Rxb5 24. O-O $11 {0-1 (51) Dominguez
Perez,L (2755)-Grischuk,A (2789) Bilbao 2014}) 13. a4 bxa4 (13... Rb8 14. axb5
axb5 15. Bd3 $14) 14. Rxa4 a5 15. Bc4 Rb8 16. b3 Kh8 17. Nce3 g6 18. h4 ({
Weniger energisch ist} 18. O-O f5) 18... Bxh4 19. g3 Bg5 20. f4 exf4 21. gxf4
Bh4+ 22. Kf1 ({Der Hauptzug hier ist} 22. Kd2 Ne7 23. Kc1 Nxd5 24. Nxd5 Be6 25.
Qd4+ (25. Ra2 Bxd5 26. Qxd5 Qf6 27. Qd4 Qxd4 28. cxd4 Bd8 29. Rah2 h5 $15 {
1-0 (50) Mista,A (2559)-Shirov,A (2726) Warsaw 2008}) 25... Kg8 26. Kb1 Bxd5
27. Qxd5 Bf6 28. Kc2 Qb6 29. Rf1 Qe3 30. Qd3 Qc5 $11 {0-1 (53) Jakovenko,D 
(2708) -Shirov,A (2699) Foros 2007}) 22... f5 23. Ra2 fxe4 24. Rah2 g5 25. Qh5
(25. Ng2 Rb7 26. Nxh4 gxh4 27. Rxh4 Rg7 28. Qh5 Be6 (28... Bf5 29. Ne3 Bg6 30.
Qd5 Ne5 31. Ke2 Nxc4 32. Qxc4 Qf6 $11 {0-1 (51) Hracek,Z (2595)-Mista,A (2489)
Czechia 2006}) 29. Qxh7+ Rxh7 30. Rxh7+ Kg8 31. Rh8+ Kg7 32. R8h7+ Kg8 33. Rh8+
Kg7 34. R8h7+ Kg8 35. Rh8+ Kg7 {1/2-1/2 (35) Radulski,J (2552)-Spasov,V (2571)
Panagyurishte 2012}) 25... Rb7 ({Bisher wurde hier nur} 25... Ne5 {probiert:}
26. Ke2 (26. Rxh4 $2 gxh4 27. Rxh4 Rb7 28. Be2 Rg7 29. Ke1 Ng6 30. Rh1 Nxf4 31.
Nxf4 Rxf4 32. Qd5 Qg5 33. Qc6 Qc5 34. Qxc5 dxc5 35. Rh5 Rg3 36. Kd2 Rf2 37.
Rxc5 Be6 38. c4 Rh3 39. Nd1 Rxe2+ 40. Kxe2 Bg4+ {0-1 (40) Huschenbeth,N (2518)
-Jordan,J (2212) Lueneburg 2011}) 26... Nxc4 27. fxg5 Rxb3 28. Rxh4 Rb2+ 29.
Ke1 Rb1+ 30. Nd1 $16 {1/2-1/2 (69) Barski,R (2278)-Skliarov,V (2339) Lvov 2013}
) 26. Ke2 Be6 27. Qh6 {Der Lh4 gerät allmählich in Gefahr.} Bg8 28. Rg2 Rbf7
({Nach} 28... Ne5 29. fxe5 dxe5 30. Rxh4 (30. Kd1 a4 31. b4 Rd7) 30... gxh4 31.
Qh5 Re8 32. Rg4 a4 {bleibt die Partie unübersichtlich.}) 29. Rxh4 gxh4 30. Nf5
h3 (30... Rxf5 31. Qg7#) 31. Nh4 $1 {Droht Sg6 Matt} Qxh4 32. Rxg8+ (32. Qxh4
$4 hxg2 $19) 32... Rxg8 33. Qxh4 Rg2+ 34. Kf1 Rh2 (34... Ne5 35. Qxh3 Rg8 $18)
35. Ne3 Rg7 36. Qf6 (36. Nf5 {gefolgt von} Z0 37. Qf6) 36... Rh1+ 37. Kf2 Rh2+
38. Ke1 Rh1+ 39. Kd2 Rh2+ 40. Kc1 Ne7 41. Nf5 Rhg2 42. Nxg7 Rxg7 43. Qf8+ Ng8
44. Bxg8 Rxg8 45. Qf6+ Rg7 46. Qh4 1-0

[Event "Interzonal-15"]
[Site "Manila"]
[Date "1990.??.??"]
[Round "8"]
[White "Ivanovic, Bozidar"]
[Black "Chandler, Murray G"]
[Result "1/2-1/2"]
[WhiteElo "2520"]
[BlackElo "2560"]
[Annotator "Chandler,M"]
[PlyCount "96"]
[EventDate "1990.06.29"]
[EventType "swiss"]
[EventRounds "13"]
[EventCountry "PHI"]
[SourceTitle "CBM 019"]
[Source "ChessBase"]
[SourceDate "1990.12.01"]
[SourceVersion "1"]
[SourceVersionDate "1990.12.01"]
[SourceQuality "1"]

1. e4 c5 2. Nf3 Nc6 3. d4 cxd4 4. Nxd4 Nf6 5. Nc3 e5 6. Nf5 d5 7. exd5 Bxf5 8.
dxc6 bxc6 9. Qf3 Qd7 10. Bc4 $5 (10. Bg5) 10... Be7 11. Bg5 Bxc2 $5 12. Qe2 $2
(12. O-O $142 $44) 12... Qg4 $3 $17 13. Qxc2 (13. Qxg4 Nxg4 14. Bxe7 Kxe7 $17 {
_|_}) (13. Bxf6 Qxe2+ $17 {_|_}) 13... Qxg2 $1 (13... Qxc4 14. O-O-O $15) (
13... Qxg5 14. O-O $15) 14. O-O-O (14. Bxf6 Qxh1+ 15. Ke2 Qxa1 16. Bxg7 Qg1 $1
(16... Rg8 17. Bxe5) 17. Bxh8 Qg4+ {/\ Qc4}) 14... Qxg5+ $17 15. Kb1 O-O 16.
Rhg1 Qh4 17. Bb3 Rad8 18. Rde1 Bc5 $1 19. Rg2 Qf4 20. Reg1 Kh8 21. Rxg7 Bxf2 (
21... Rd2 22. Ne2 $1 Rxc2 23. Nxf4 {/\} Rxf2 24. Nd3) 22. R1g2 Rd2 23. Ne2 Qe3
$19 24. Rxf7 $1 (24. Qf5 Qxe2 25. Rg8+ Nxg8 26. Rxg8+ Rxg8 27. Qf6+ Rg7 $19)
24... Rxf7 25. Qf5 $1 {/\ 26. Qc8+-, 26. Qf6} Qe4+ $2 $138 (25... Rxb2+ $4 26.
Ka1 $3) (25... Qh6 $2 26. Bxf7 Rd1+ 27. Kc2 Qd2+ 28. Kb3) (25... Rd8 $142 $1
26. Bxf7 (26. Rxf2 Rff8 $19) 26... Rd1+ 27. Kc2 Qxe2+ 28. Kb3 Qe3+ $19) 26.
Qxe4 Nxe4 27. Bxf7 h6 28. Bc4 Nd6 $6 29. Ba6 Be3 $6 (29... Kh7) 30. Rg3 $1 Bg5
31. Rc3 e4 32. Rxc6 Nf5 33. a4 Ne3 $2 34. h4 $14 Bd8 35. Ng3 Kg7 36. Nxe4 Rd4
37. Nc5 Kf7 38. Rxh6 Rxh4 39. Rc6 Bb6 40. Bb5 Rh2 41. Nd3 Ke7 42. Rc8 Kd6 43.
Re8 Nd5 44. Bc4 Rh4 45. Bxd5 Kxd5 46. a5 Bc7 $1 (46... Bxa5 47. Re5+ Kd4 48.
Rxa5 Kxd3 49. Ra3+ $1 Kd2 50. Rxa7) 47. Re2 Rh2 48. Re8 Kc6 1/2-1/2

[Event "Hastings 9192"]
[Site "Hastings"]
[Date "1991.??.??"]
[Round "10"]
[White "Adams, Michael"]
[Black "Chandler, Murray G"]
[Result "0-1"]
[WhiteElo "2615"]
[BlackElo "2605"]
[Annotator "Chandler,M"]
[PlyCount "84"]
[EventDate "1991.12.??"]
[EventType "tourn"]
[EventRounds "14"]
[EventCountry "ENG"]
[EventCategory "14"]
[SourceTitle "CBM 027"]
[Source "ChessBase"]
[SourceDate "1992.04.01"]
[SourceVersion "1"]
[SourceVersionDate "1992.04.01"]
[SourceQuality "1"]

1. e4 c5 2. Nf3 e6 3. d4 cxd4 4. Nxd4 Nf6 5. Nc3 Nc6 6. Ndb5 d6 7. Bf4 e5 8.
Bg5 a6 9. Bxf6 (9. Na3 {Dies ist die moderne Zugfolge.} b5 10. Bxf6 Qxf6) 9...
gxf6 10. Na3 f5 $1 {Eine attraktive Alternative zu 10...b5} 11. exf5 Bxf5 12.
Nc4 Nd4 13. Ne3 Be6 14. Bc4 Qg5 15. Ncd5 Rc8 16. Bb3 Nxb3 17. axb3 f5 18. g3 f4
$6 {Ein lohnenswertes Bauernopfer, um Linien für die Läufer zu öffnen.} 19. h4
Qg6 20. gxf4 Bh6 (20... exf4 21. Nxf4 $1 Qe4 22. Nfg2) 21. Ra4 $6 (21. h5 {
/\ 22.Ra4}) 21... Rf8 $1 22. h5 Qg8 $1 23. fxe5 $2 (23. f5 $5) 23... Bxd5 $1
24. Qxd5 (24. Nxd5 $2 Qg2 25. Rf1 Rc5 26. c4 (26. Rd4 Rxd5 27. Rxd5 Qe4+ $19)
26... Rf5 $1 27. f4 Bxf4 $17) 24... Bxe3 $2 25. Qxg8 $2 (25. Qxb7 $1 {Beide
Spieler übersahen die Möglichkeiten, die hinter diesem Zuge schlummern.} Bxf2+
26. Kd1 Qe6 {Während der Partie schätzten beide Spieler diese Stellung als
hoffnungslos für Weiss ein.} 27. exd6 $1 Rf7 28. Re4 $1 Rxb7 29. Rxe6+ $10)
25... Bxf2+ $1 {Schwarz sackt auf diese Weise einige Bauern ein.} 26. Kf1 Rxg8
27. Kxf2 Rxc2+ 28. Kf3 dxe5 29. Re1 Rg5 30. Rg4 Rxh5 31. Rg7 Rf5+ 32. Ke4 Rf7
33. Rg8+ Kd7 34. Rd1+ Kc7 35. Rg3 Rxb2 36. Rc3+ Kb6 37. Kxe5 Re2+ 38. Kd6 Re8
39. Rh1 Rg7 40. Rh4 a5 41. Rh5 Rd8+ 42. Ke6 Ka6 0-1

[Event "St Petersburg-Paris"]
[Site "Paris"]
[Date "1996.??.??"]
[Round "1"]
[White "Orlov, Vassily"]
[Black "Tirard, Hugo"]
[Result "0-1"]
[WhiteElo "2405"]
[BlackElo "2365"]
[Annotator "Chekhov,V"]
[PlyCount "58"]
[EventDate "1996.02.??"]
[EventType "schev"]
[EventRounds "9"]
[EventCountry "FRA"]
[SourceTitle "CBM 051 Extra"]
[Source "ChessBase"]
[SourceDate "1996.05.01"]
[SourceVersion "1"]
[SourceVersionDate "1996.05.01"]
[SourceQuality "1"]

1. e4 c5 2. Nf3 Nc6 3. d4 cxd4 4. Nxd4 Nf6 5. Nc3 e5 6. Ndb5 d6 7. Bg5 a6 8.
Na3 b5 9. Bxf6 gxf6 10. Nd5 Bg7 11. Bd3 Ne7 12. Nxe7 Qxe7 13. c4 (13. c3 $5)
13... f5 14. O-O O-O 15. Qh5 (15. Re1 $5) 15... Rb8 16. exf5 e4 17. Rae1 Bb7
18. f3 bxc4 (18... Bxb2 $5 19. Bxe4 Qf6 20. Nc2 bxc4 21. Bxb7 Rxb7 22. Re4 d5
23. Rh4 h6 $13 {Johansson,U-Markovic,M/Stockholm/1990/0|1/27/}) (18... d5 $5
19. fxe4 dxe4 (19... dxc4 20. Bb1 Bd4+ 21. Kh1 f6 22. Re2 Rbc8 23. Rd2 Rfd8 $36
{Dworakovski,L-Del Rio Salvador,G/Bratislava/1993/0|1/44/}) 20. Kh1 Bxb2 21.
Nc2 Kh8 22. cxb5 Rg8 23. Be2 axb5 $132 {Markovic,I-Kramnik,V/Singapore/1990/0,
5/23/}) 19. Bxe4 $6 (19. Bb1 $5 d5 20. fxe4 dxe4 21. Nxc4 Qc5+ 22. Kh1 Rfe8 23.
b3 e3 24. Re2 Rbd8 $16 {Kuijf,R-Bosch,J/Netherlands/1990/1|0/35/}) 19... Qf6
20. Rd1 (20. Nxc4 $2 d5 $17) (20. Bxb7 Rxb7 21. Nxc4 Qd4+ 22. Ne3 Re8 $19)
20... Rfc8 21. Nc2 (21. b3 cxb3 22. axb3 Bxe4 23. fxe4 Rxb3 $132) 21... d5 $1
22. Bxd5 Bxd5 23. Rxd5 Rxb2 24. Ne3 (24. Nd4 c3 $17) 24... Qb6 25. Re1 c3 (
25... Re8 26. Rd7 $1) 26. Rd7 Rf8 27. Qg5 h6 28. Qg4 c2 29. Rb7 (29. Qc4 Rb1
$19) 29... Qxe3+ $1 0-1

[Event "RUS-Cup2"]
[Site "Moscow"]
[Date "1996.??.??"]
[Round "8"]
[White "Mozaliov, Sergey V"]
[Black "Gagarin, Vasilij"]
[Result "0-1"]
[WhiteElo "2300"]
[BlackElo "2420"]
[Annotator "Chekhov,V"]
[PlyCount "78"]
[EventDate "1996.11.28"]
[EventType "swiss"]
[EventRounds "9"]
[EventCountry "RUS"]
[SourceTitle "CBM 056 Extra"]
[Source "ChessBase"]
[SourceDate "1997.03.01"]
[SourceVersion "1"]
[SourceVersionDate "1997.03.01"]
[SourceQuality "1"]

1. e4 c5 2. Nf3 Nc6 3. d4 cxd4 4. Nxd4 Nf6 5. Nc3 e5 6. Ndb5 d6 7. Bg5 a6 8.
Na3 b5 9. Bxf6 gxf6 10. Nd5 Bg7 11. c3 (11. Bd3 $5) 11... f5 12. exf5 Bxf5 13.
Nc2 Be6 14. g3 (14. Nce3 Ne7 15. g3 Nxd5 16. Nxd5 O-O 17. Bg2 a5 18. O-O Rb8
$132) 14... O-O 15. Bg2 Rb8 16. O-O Kh8 17. Qh5 (17. Qe2 $5 f5 18. Rad1 Qd7 19.
Rd2 $14) 17... f5 18. Nce3 Qd7 (18... b4 $5) 19. Rad1 b4 20. Rd2 (20. f4 $5)
20... bxc3 21. bxc3 Rf7 $5 (21... Rb5 $5 22. Rfd1 e4 23. c4 Rc5 $22 24. Nb6 Qc7
25. Rxd6 Bf7 26. Rd7 Bxh5 (26... Qxd7 27. Nxd7 Bxh5 28. g4 Bxg4 (28... fxg4 29.
Nxc5 g3 30. Rd6 gxf2+ 31. Kf1 Ne5 32. Nxe4 $13) 29. Nxg4 Rxc4 30. Ne3 Ra4 31.
Nxf8 Bxf8 32. Nxf5 $14) 27. Rxc7 Bxd1 28. Nd7 Be5 29. Rb7 Na5 30. Rb1 Nxc4 31.
Rxd1 $2 (31. Nxc4 Rxc4 32. Nxf8 Bc2 $17) (31. Nxc5 Nxe3 32. fxe3 Be2 33. Nd7
Re8 34. Nxe5 Rxe5 35. Bf1 $10) 31... Nxe3 32. fxe3 Rd8 $19) 22. Nc4 Bf8 23.
Ndb6 Qc7 24. Bd5 Nd8 (24... Bxd5 25. Nxd5 Qa7 26. Nce3 $14) 25. Bxe6 Nxe6 26.
Nd5 Qa7 27. Nb4 Qb7 28. Nd5 (28. Nxd6 Bxd6 29. Rxd6 Nf4 $1 30. gxf4 Rg8+ $19)
28... Qa7 29. Nde3 $6 (29. Nb4 $5) 29... f4 30. Nf5 fxg3 31. hxg3 Ng7 $1 32.
Nxg7 Rxg7 33. Nxd6 (33. Kh2 Qc5 $36) 33... Rxg3+ 34. Kh2 Rg6 35. Nf5 $6 (35.
Qxe5+ $5 Bg7 36. Nf7+ (36. Qd5 Rf8 $36 (36... Bxc3 $5)) 36... Kg8 $19) 35...
Qf7 $1 36. Qh3 (36. Rg1 $4 Rg2+ $19) 36... Rf6 37. Nh4 Bh6 38. Rd7 (38. Re2
Bf4+ 39. Kh1 Rh6 $19) 38... Rxf2+ 39. Kg1 (39. Rxf2 Qxf2+ 40. Ng2 (40. Kh1 Rg8
41. Ng2 Qf1+ 42. Kh2 Bf4+ $19) 40... Bf4+ 41. Kh1 Qf1#) 39... Rg8+ (39... Rxf1+
40. Qxf1 Qxd7 41. Qf6+ Bg7 $19) 0-1

[Event "RUS-chT2"]
[Site "Orel"]
[Date "1996.??.??"]
[Round "?"]
[White "Isupov, Vladimir"]
[Black "Chekhov, Valery A"]
[Result "1/2-1/2"]
[WhiteElo "2385"]
[BlackElo "2505"]
[Annotator "Chekhov,V"]
[PlyCount "76"]
[EventDate "1996.??.??"]
[EventType "team"]
[EventRounds "9"]
[EventCountry "RUS"]
[SourceTitle "EXT 1999"]
[Source "ChessBase"]
[SourceDate "1998.11.16"]
[SourceVersion "1"]
[SourceVersionDate "1998.11.16"]
[SourceQuality "1"]

1. e4 c5 2. Nf3 e6 3. d4 cxd4 4. Nxd4 Nf6 5. Nc3 Nc6 6. Ndb5 d6 7. Bf4 e5 8.
Bg5 a6 9. Na3 Be6 10. Nc4 Rc8 11. Bxf6 Qxf6 12. Nb6 (12. Nxd6+ $6 Bxd6 13. Qxd6
Rd8 14. Qc5 Qg5 $36) 12... Rb8 13. Ncd5 Qd8 14. c3 Be7 (14... g6 $5 15. h4 $5 (
15. b4 Bh6 16. a4 O-O 17. a5 Kh8 18. Be2 f5)) 15. a4 O-O 16. Bc4 (16. Be2 $5)
16... Bg5 17. O-O g6 18. Qe2 Kh8 19. Kh1 (19. Rad1 $5 Bh6 20. b4 f5 21. Bd3 f4
22. f3 Rf7 23. Bc4 Bf8 24. a5 $36) 19... Bh6 20. Rad1 (20. b4 f5 21. exf5 gxf5
22. f4 Rg8 $5 {/\ Rg6} (22... Bxd5 $6)) 20... f5 21. exf5 (21. Ba2) 21... gxf5
22. f4 (22. Qh5 $5 Bg7 23. f4) 22... Rg8 $5 $146 (22... Bg7 23. Rf3 Bg8 24. Rh3
h6 25. Qd2 Kh7 26. Bd3 Ne7 27. Bc2 Nxd5 28. Nxd5 Be6 29. Rf3 $14) 23. g3 Rg6
24. Qf2 Qg8 25. Ne3 $5 (25. Be2 $5) 25... exf4 $6 (25... Re8 $5 26. Rxd6 $140
Bxc4 27. Nbxc4 exf4 28. gxf4 Re4 $44) 26. gxf4 Re8 27. Bd5 $1 (27. Rxd6 Bxc4
28. Nbxc4 Re4 $44) 27... Bxd5+ 28. Nbxd5 Qf7 29. Qf3 Re4 $6 (29... Ne7 $1 30.
Qh3 Nxd5 31. Nxd5 Re4 $132) 30. Qh3 Ne7 31. Nxe7 Qxe7 32. Nxf5 Qd7 33. Rf3 Qxa4
(33... Bxf4 $2 34. Nh4 $1 Rg7 (34... Qxh3 35. Nxg6+ $18) 35. Ng6+ $1 $18) (
33... Rxf4 34. Nh4 Rg7 35. Ng6+ hxg6 36. Qxh6+ $18) 34. Rdf1 Bxf4 35. Nd4 (35.
Ng3 Bxg3 36. Rf8+ Rg8 37. Qxg3 Reg4 $15) 35... Bh6 36. Nf5 (36. Qc8+ $1 Qe8 $1
37. Qxb7 (37. Rf8+ Bxf8 38. Rxf8+ Rg8 $1 39. Rxe8 Rexe8 $19) 37... Re1 38. Qxa6
Rxf1+ 39. Qxf1 Qe4 40. Ne2 $1 $14 (40. Qd3 $2 Be3 $3 $19)) 36... Bf4 37. Nd4
Bh6 38. Nf5 Bf4 1/2-1/2

[Event "RUS-Cup2"]
[Site "Moscow"]
[Date "1996.??.??"]
[Round "6"]
[White "Vorobiov, Evgeny E"]
[Black "Belikov, Vladimir"]
[Result "0-1"]
[WhiteElo "2440"]
[BlackElo "2510"]
[Annotator "Chekhov,V"]
[PlyCount "60"]
[EventDate "1996.11.28"]
[EventType "swiss"]
[EventRounds "9"]
[EventCountry "RUS"]
[SourceTitle "CBM 056 Extra"]
[Source "ChessBase"]
[SourceDate "1997.03.01"]
[SourceVersion "1"]
[SourceVersionDate "1997.03.01"]
[SourceQuality "1"]

1. e4 c5 2. Nf3 Nc6 3. d4 cxd4 4. Nxd4 Nf6 5. Nc3 e5 6. Ndb5 d6 7. Bg5 a6 8.
Na3 b5 9. Bxf6 gxf6 10. Nd5 Bg7 11. c3 f5 12. exf5 Bxf5 13. Nc2 Be6 14. g3 O-O
15. Bg2 a5 16. O-O f5 17. Qh5 (17. Re1 Rc8 18. Qd2 Kh8 19. Rad1 e4 20. f4 b4
21. Nce3 bxc3 22. bxc3 a4 $132 {Svidler,P-Filippov,V/Kazan/1995/0,5/37/}) (17.
Qe2 $5 Rb8 18. Rfd1 Kh8 19. Rd2 Qd7 20. Rad1 Qf7 21. b3 $14 {Topalov,V-Leko,P/
Leon/1996/1|0/65/}) 17... b4 18. Nce3 bxc3 19. bxc3 Kh8 20. Rad1 Rb8 21. Rd2 (
21. f4 $5 e4 22. Bh3 Qd7 23. Rf2 (23. Kh1 $6 Rb2 24. Nc4 Rxa2 25. Nde3 Bf7 $1
26. Qg5 Bxc4 27. Nxc4 d5 $17 {Topalov,V-Krasenkov,M/Polanica Zdroj/1995/0|1/31/
}) 23... Rb5 24. Rfd2 Rc5 25. Kh1 Qf7 26. Qxf7 Rxf7 27. Nb6 Rxc3 28. Rxd6 Bxa2
29. Nxf5 Bf8 $13 {Sokolov,A-Filippov,V/Elista(RUS-ch)/1996/0,5/49/}) 21... Rb5
22. f4 Ne7 $5 (22... e4 $5 23. Bh3 Qd7 $132) 23. c4 (23. fxe5 Nxd5 24. Nxd5
dxe5 $15) 23... Rc5 24. Rb1 (24. Rfd1 $5 $14) 24... e4 25. Bh3 Bxd5 26. cxd5 (
26. Nxd5 Nxd5 27. Rxd5 Rxd5 28. cxd5 Qf6 $132) 26... Qc8 27. Kf2 a4 28. Qd1 $6
(28. Rb4 $5 Bc3 29. Rxe4 fxe4 (29... Bxd2 30. Rxe7 Bxe3+ 31. Kf3 $18) 30. Bxc8
Bxd2 31. Be6 $13) 28... Rc3 29. Rc2 $2 Nxd5 $1 30. Rbc1 (30. Nxd5 Rxc2+ $19)
30... Nxe3 0-1

[Event "Rostov on Don op"]
[Site "Rostov on Don"]
[Date "1993.??.??"]
[Round "?"]
[White "Akopian, Vladimir Eduardovic"]
[Black "Yakovich, Yuri"]
[Result "1/2-1/2"]
[WhiteElo "2615"]
[BlackElo "2510"]
[Annotator "Chekhov,V"]
[PlyCount "49"]
[EventDate "1993.05.??"]
[EventType "swiss"]
[EventRounds "9"]
[EventCountry "RUS"]
[SourceTitle "CBM 036"]
[Source "ChessBase"]
[SourceDate "1993.10.01"]
[SourceVersion "1"]
[SourceVersionDate "1993.10.01"]
[SourceQuality "1"]

1. e4 c5 2. Nf3 Nc6 3. d4 cxd4 4. Nxd4 Nf6 5. Nc3 e5 6. Nf5 $5 d5 7. exd5 Bxf5
8. dxc6 bxc6 (8... Qxd1+ 9. Nxd1 bxc6 10. Ne3 Be6 (10... Be4 11. f3 Bg6 $132)
11. Nc4 Nd7 12. Be3 f6 13. O-O-O Bc5 14. Be2 Bxe3+ 15. Nxe3 Ke7 16. Bf3 Rac8
$14 {Genkin,A-Plisetsky,D Moscow 1975/}) 9. Qf3 (9. Qxd8+ Rxd8 10. Be3 Rb8 11.
O-O-O Bb4 12. Bc4 a5 13. f3 O-O 14. Na4 e4 $1 $132 {Shabanov,Y-Kim,A Kemerovo
1979/}) (9. Bd3 $6 e4 10. Be2 Bd6 11. Bg5 h6 12. Bh4 O-O 13. Qc1 g5 14. Bg3 Nd5
15. Bxd6 Qxd6 $15 {Lutikov,A-Sveshnikov,E Rostov 1976/}) 9... Qd7 10. Bg5 (10.
Bc4 $6 Be7 11. Bg5 Bxc2 12. Qe2 $6 Qg4 $1 $15 {Ivanovic,B-Chandler,M Manila
1990/}) 10... e4 11. Qe2 Be7 (11... Bb4 $6 12. Qc4 $1) 12. Rd1 Qe6 $5 $146 (
12... Qb7 13. Qa6 Rb8 14. Qxb7 Rxb7 15. Bc1 O-O 16. Ba6 Rb6 $10 {Goldin,
A-Lipman,A Moscow 1978/}) 13. Qc4 Rb8 14. Qxe6 fxe6 $5 (14... Bxe6 15. Na4) 15.
b3 $5 (15. Na4 $6 e3 $1) 15... Nd5 (15... Bb4 16. Bd2 e3 17. fxe3 Bxc2 18. Rc1
$14) 16. Bxe7 (16. Bd2 $6 Bb4 17. Na4 e3 $1 18. Bxb4 exf2+ 19. Kxf2 Nxb4) 16...
Kxe7 (16... Nxc3 17. Bd6 Rd8 18. Rd2 Nxa2 19. Bc4 $44) 17. Na4 e3 18. c4 (18.
f3 Bxc2 19. Rc1 Nb4) 18... exf2+ 19. Kxf2 Nb4 20. Be2 (20. a3 $6 Nc2 $17) (20.
Rd2 $6 Rhd8) 20... Nxa2 21. Ra1 Nb4 22. Nc5 a6 (22... Ra8 $6 23. Ra4 $1) 23.
Rhd1 (23. Nxa6 Nxa6 24. Rxa6 Rxb3 25. Rxc6 Rb2 $15) 23... Rhd8 24. Rxd8 Rxd8
25. Ra4 $1 $10 (25. Ra4 Rb8 26. Nxa6 Nxa6 27. Rxa6 Rxb3 28. Rxc6 $10) 1/2-1/2

[Event "RUS-ch U20"]
[Site "Ekaterinburg"]
[Date "1996.??.??"]
[Round "10"]
[White "Lastin, Alexander"]
[Black "Shariyazdanov, Andrey"]
[Result "0-1"]
[WhiteElo "2480"]
[BlackElo "2480"]
[Annotator "Chekhov,V"]
[PlyCount "78"]
[EventDate "1996.??.??"]
[EventType "tourn"]
[EventRounds "11"]
[EventCountry "RUS"]
[EventCategory "8"]
[SourceTitle "CBM 054"]
[Source "ChessBase"]
[SourceDate "1996.10.01"]
[SourceVersion "1"]
[SourceVersionDate "1996.10.01"]
[SourceQuality "1"]

1. e4 c5 2. Nc3 Nc6 3. Nge2 Nf6 4. d4 cxd4 5. Nxd4 e5 6. Ndb5 d6 7. Bg5 a6 8.
Na3 b5 9. Bxf6 gxf6 10. Nd5 f5 (10... Bg7 $5) 11. Bd3 Be6 12. Qh5 (12. O-O $5)
12... Bg7 (12... Rg8 $5 13. g3 Rg4 $132) 13. O-O f4 14. c4 bxc4 15. Bxc4 O-O
16. Rac1 Rb8 17. b3 Qd7 18. Rc3 $6 (18. Rfd1 $5 Kh8 (18... Nd4 $6 19. Nc2 Nxc2
20. Rxc2 Kh8 21. Qh4 f5 22. Ne7 $1 fxe4 23. Ng6+ Kg8 24. Nxf8 Rxf8 25. Qg4 $1
$18 {Howell,J-Jelen,I/Bled/1995/1|0/43/}) 19. Qh4 Bxd5 20. Bxd5 Nb4 (20... Nd4
21. Rc4 f5 22. Nc2 fxe4 23. Nxd4 exd4 24. Bxe4 Be5 25. Qh5 $1 $16 {Sveshnikov,
E-Vyzmanavin,A/Moscow/1987/1|0/41/}) 21. Rd2 f5 22. Nc4 Nxd5 23. Rxd5 fxe4 24.
Rxd6 Qf5 25. h3 h5 $132 {Renet,O-Korchnoi,V/Lugano/1988/0,5/50/}) 18... Nd4 (
18... Kh8 $5) 19. Nc2 Nxc2 20. Rxc2 Kh8 21. Bxa6 $6 (21. Qh4 $22 f5 22. Ne7 $1)
21... f5 22. Bd3 Bxd5 23. exd5 e4 24. Ba6 Bd4 (24... Be5 25. Rfc1 Rf7 26. Rc8+
$18) 25. Rfc1 Bc5 26. Kh1 (26. Qh6 $5) 26... Qg7 $1 $146 27. Qh3 Rg8 28. Rd1
Rbf8 29. Qc3 (29. a4 Rf6 30. Bf1 Rh6 $6 (30... f3 31. g3 f4 $17) 31. Qc3) 29...
Qxc3 (29... Rf6 30. g3 e3 $36) 30. Rxc3 Ra8 (30... Bxf2 $15) 31. b4 (31. Bc4
Rxa2 32. b4 Bxb4 33. Rb3 Rd2 $17) 31... Bxb4 32. Rc6 Bc5 33. Rb1 (33. Rd2 $5
Rab8 $17) 33... Bxf2 34. Rxd6 f3 35. gxf3 exf3 36. Rc6 Be3 37. h4 f2 38. Kh2
Rg1 39. Rb4 (39. Bf1 Bf4+ 40. Kh3 Rg3+ 41. Kh2 Rag8 $19) 39... Rxa6 0-1